Design and Control of Structure of Advanced Carbon Materials for Enhanced Performance /

The review of carbon materials here presented regards them as forming a continuous spectrum, varying in crystallinity and nano?, micro? and macro?texture. The structure?property relationships are discussed to examine how they can be controlled during different processing operations. Processing route...

Full description

Bibliographic Details
Main Author: Rand, B.
Corporate Author: SpringerLink (Online service)
Other Authors: Appleyard, S. P., Yardim, M. P.
Format: eBook
Language:English
Published: Dordrecht : Springer Netherlands, 2001.
Series:NATO Science Series E: (closed), ; 374.
Subjects:
Online Access:Connect to the full text of this electronic book

MARC

Tag First Indicator Second Indicator Subfields
LEADER 00000cam a2200000Ma 4500
001 in00003553813
006 m o d
007 cr nn|||||||||
008 121227s2001 ne o 000 0 eng d
005 20260421163820.1
020 |a 9789401010139 (electronic bk.) 
020 |a 9401010137 (electronic bk.) 
035 |a (OCoLC)840307842 
040 |a I9W  |b eng  |e pn  |c I9W  |d OCLCQ  |d UV0  |d OCLCO  |d GW5XE  |d OCLCF  |d UtOrBLW 
049 |a TXAM 
050 4 |a TA404.6 
082 0 4 |a 620.11  |2 23 
100 1 |a Rand, B. 
245 1 0 |a Design and Control of Structure of Advanced Carbon Materials for Enhanced Performance /  |c edited by B. Rand, S.P. Appleyard, M.P. Yardim. 
246 3 |a Proceedings of the NATO Advanced Study Institute, held in Antalya, Turkey, May 10-21, 1998 
264 1 |a Dordrecht :  |b Springer Netherlands,  |c 2001. 
300 |a 1 online resource (372 pages) 
336 |a text  |b txt  |2 rdacontent 
337 |a computer  |b c  |2 rdamedia 
338 |a online resource  |b cr  |2 rdacarrier 
490 1 |a NATO Science Series E: (closed), 0168-132X ;  |v 374 
520 |a The review of carbon materials here presented regards them as forming a continuous spectrum, varying in crystallinity and nano?, micro? and macro?texture. The structure?property relationships are discussed to examine how they can be controlled during different processing operations. Processing routes are described to see how they might be varied, modified or invented to meet he needs for new applications. The following key questions are debated: What is intrinsically possible with carbon materials? How do we convert what is intrinsically possible into an engineering product that enhances our quality of life? How do we design and produce materials to satisfy the visions of the engineer? 
500 |a Electronic resource. 
650 0 |a Chemistry, Inorganic. 
650 0 |a Chemical engineering. 
650 0 |a Surfaces (Physics) 
650 7 |a Chemical engineering.  |2 fast  |0 (OCoLC)fst00852893 
650 7 |a Chemistry, Inorganic.  |2 fast  |0 (OCoLC)fst00853488 
650 7 |a Surfaces (Physics)  |2 fast  |0 (OCoLC)fst01139265 
655 7 |a Electronic books.  |2 local 
700 1 |a Appleyard, S. P. 
700 1 |a Yardim, M. P. 
710 2 |a SpringerLink (Online service) 
830 0 |a NATO Science Series E: (closed), ;  |v 374. 
856 4 0 |u http://proxy.library.tamu.edu/login?url=https://link.springer.com/10.1007/978-94-010-1013-9  |z Connect to the full text of this electronic book  |t 0 
994 |a 92  |b TXA 
999 |a MARS 
999 f f |s 753a0d17-5df9-311a-a183-6755d6d1c5af  |i 0318fc4c-e950-30cd-89bc-a809435fe15c  |t 0 
952 f f |a Texas A&M University  |b College Station  |c Electronic Resources  |s www_evans  |d Available Online  |t 0  |e TA404.6  |h Library of Congress classification 
998 f f |a TA404.6  |t 0  |l Available Online